000 00841nam a2200217Ia 4500
001 252
003 GE_BSU
008 181216s||||||||xx |||||||||||||| ||und||
020 _a9994030930
040 _cGE_BSU
080 _a94(3)(031)
245 _aძველი მსოფლიოს ისტორიის ენციკლოპედია
245 _bენციკლოპედია+ინტერნეტი. ჯეინ ბინგემი და სხვა.
245 _cსამ.რედ. გრანი ქავთარია
260 _c2009
300 _a400გვ.
520 _aმთარგ. ციცო ხუცუაშვილი
541 _h25ლ.
653 _aძველი მსოფლიოს ისტორიის ენციკლოპედია
942 _cBK
999 _c34503
_d34503